Forest products market trends in 1979 and prospects for 1980 based on the review of markets et the timber commites a thirty-seventh session

Saved in:
Bibliographic Details
Format: Book
Language:English
Published: Geneva United Nations 1979
Tags: Add Tag
No Tags, Be the first to tag this record!

MARC

LEADER 00000nam a2200000 4500
001 0222721
005 20240822101701.6
041 0 |a eng 
044 |a CH 
245 1 0 |a Forest products market trends in 1979 and prospects for 1980  |b based on the review of markets et the timber commites a thirty-seventh session 
264 1 |a Geneva  |b United Nations  |c 1979 
300 |a 16 s.